La Dirección de Trabajos Hidrográficos (1797-1908) / (Record no. 184323)

MARC details
000 -LEADER
campo de control de longitud fija 01912nam a2200361 i 4500
001 - NÚMERO DE CONTROL
campo de control 184323
003 - IDENTIFICADOR DE NÚMERO DE CONTROL
campo de control ES-MaACL
005 - FECHA Y HORA DE LA ÚLTIMA TRANSACCIÓN
campo de control 20250804063443.0
008 - DATOS DE LONGITUD FIJA--INFORMACIÓN GENERAL
campo de control de longitud fija 150619s2003 sp abc |||| | spa d
020 ## - NÚMERO INTERNACIONAL ESTÁNDAR DEL LIBRO
Número Internacional Estándar del Libro 84-9781-018-X
080 ## - NÚMERO DE LA CLASIFICACIÓN DECIMAL UNIVERSAL
Número de la Clasificación Decimal Universal 354.71(460).075.5(091)
080 ## - NÚMERO DE LA CLASIFICACIÓN DECIMAL UNIVERSAL
Número de la Clasificación Decimal Universal 017.42(460.27 M.)
080 ## - NÚMERO DE LA CLASIFICACIÓN DECIMAL UNIVERSAL
Número de la Clasificación Decimal Universal 016:912(460):551.46
100 1# - ENTRADA PRINCIPAL--NOMBRE DE PERSONA
Nombre de persona Martín Merás, Luisa
Término indicativo de función/relación Coordinador
-- Autor
9 (RLIN) 179098
245 13 - MENCIÓN DEL TÍTULO
Título La Dirección de Trabajos Hidrográficos (1797-1908) /
Mención de responsabilidad, etc. edición y coordinación, Luisa Martín-Merás ; autores, Francisco José González, Luisa Martín-Merás, José María Cano Trigo
260 ## - PUBLICACIÓN, DISTRIBUCIÓN, ETC.
Lugar de publicación, distribución, etc. [Madrid] :
Nombre del editor, distribuidor, etc. Ministerio de Defensa, Secretaría General Técnica :
-- Ministerio de Fomento, Centro Nacional de Información Geográfica :
-- Lunwerg,
Fecha de publicación, distribución, etc. [2003]
300 ## - DESCRIPCIÓN FÍSICA
Extensión 2 volúmenes (252 ; 424 páginas) :
Otras características físicas ilustraciones, mapas ;
Dimensiones 30 cm
500 ## - NOTA GENERAL
Nota general Índices
504 ## - NOTA DE BIBLIOGRAFÍA, ETC.
Nota de bibliografía, etc. Bibliografía, v. 1: páginas 234-236
505 0# - NOTA DE CONTENIDO CON FORMATO
Nota de contenido con formato Vol. 1. Historia de la cartografía náutica en la España del siglo XIX / Francisco José González, Luisa Martín-Merás - v. 2. Catálogo de las cartas náuticas publicadas / José María Cano Trigo
610 17 - PUNTO DE ACCESO ADICIONAL DE MATERIA--NOMBRE DE ENTIDAD CORPORATIVA
Nombre de entidad corporativa o nombre de jurisdicción como elemento de entrada España.
Unidad subordinada Dirección de Hidrografía-
Subdivisión de forma Historia
9 (RLIN) 157084
650 04 - PUNTO DE ACCESO ADICIONAL DE MATERIA--TÉRMINO DE MATERIA
Término de materia o nombre geográfico como elemento de entrada Cartas naúticas.
9 (RLIN) 10799
650 #4 - PUNTO DE ACCESO ADICIONAL DE MATERIA--TÉRMINO DE MATERIA
Término de materia o nombre geográfico como elemento de entrada Cartografía-
Subdivisión geográfica España-
Subdivisión de forma Historia.
9 (RLIN) 157087
700 1# - ENTRADA AGREGADA--NOMBRE PERSONAL
Nombre de persona González González, Francisco José,
Fechas asociadas al nombre 1960-
Término indicativo de función/relación Autor
9 (RLIN) 58681
700 1# - ENTRADA AGREGADA--NOMBRE PERSONAL
Nombre de persona Cano Trigo, José María
Término indicativo de función/relación Autor
9 (RLIN) 157085
710 1# - ENTRADA AGREGADA--NOMBRE DE ENTIDAD CORPORATIVA
Nombre de entidad corporativa o nombre de jurisdicción como elemento de entrada España.
Unidad subordinada Ministerio de Defensa.
-- Secretaría General Técnica
Término indicativo de función/relación Editor
9 (RLIN) 238621
710 0# - ENTRADA AGREGADA--NOMBRE DE ENTIDAD CORPORATIVA
Nombre de entidad corporativa o nombre de jurisdicción como elemento de entrada España.
Unidad subordinada Ministerio de Fomento
Término indicativo de función/relación Editor
9 (RLIN) 3868
852 ## - LOCALIZACIÓN
Ubicación ES-MaACL
Sublocalización o colección R.150296
Ubicación en estantería Depósito 1
Signatura antigua N-6455
Donativo/Legado Donación Ministerio de Defensa
Número de control de estantería A-13455
Designación de la unidad física v. 1
itemnumber 191319
852 ## - LOCALIZACIÓN
Ubicación ES-MaACL
Sublocalización o colección R.150296
Ubicación en estantería Depósito 1
Signatura antigua N-6456
Donativo/Legado Donación Ministerio de Defensa
Número de control de estantería A-13456
Designación de la unidad física v. 2
itemnumber 200856
942 ## - ELEMENTOS DE ENTRADA SECUNDARIOS (KOHA)
Fuente del sistema de clasificación o colocación Clasificación decimal universal
Tipo de ítem Koha Libro impreso
Suprimir en OPAC No
Holdings
Estatus retirado Estado de pérdida Fuente del sistema de clasificación o colocación Especificación de materiales (volumen encuadernado u otra parte) Estado de daño No para préstamo Biblioteca de origen Biblioteca actual Ubicación en estantería Fecha de adquisición Fuente de adquisición Total de préstamos Signatura topográfica completa Código de barras Visto por última vez Tipo de ítem Koha
    Clasificación decimal universal v. 1     Biblioteca del Ateneo de Madrid Biblioteca del Ateneo de Madrid Depósito 1 19/06/2015 Donación   A-13455 1193922 23/02/2023 Libro impreso
    Clasificación decimal universal v. 2     Biblioteca del Ateneo de Madrid Biblioteca del Ateneo de Madrid Depósito 1 19/06/2015 Donación   A-13456 101206148 17/11/2023 Libro impreso